000
00276nam a22001217a 4500
020
_a
572-00437-0
082
_a
621.38412 WAT'A
100
_a
WATERS, F. I
_9
80721
245
_a
AUDIO AMPLIFIERS DESIGN
260
_a
ENGLAND
_b
W. FOULSHAM
_c
1967
300
_a
160P
942
_c
BK
999
_c
585614
_d
585614